| 000 | 01054nam a2200253 a 4500 | ||
|---|---|---|---|
| 001 | 83320 | ||
| 003 | BD-RjUL | ||
| 005 | 20240312120829.0 | ||
| 008 | 240311s1967 pk 000 0 urd d | ||
| 035 | _a(BD-RjUL)83320 | ||
| 040 |
_aNNL _bara _cBD-RjUL |
||
| 041 | 0 | _aurd | |
| 082 |
_223 _a954.91092 _bALQ 1967 |
||
| 100 | 1 |
_aاصفہانی٫ مرزا ابوالحسن، ;; Isfahani, Mirza Abul Hasan _d1889-1964 _96777 |
|
| 245 | 1 | 2 |
_aقائد اعظم جناح : اىک قوم کى سرگزشت / Qāʼid-i Aʻz̤am Jinnāḥ : ek qaum kī sarguzasht / _cتأليف جی-الانا مترجم رئیس امروہوی ;; .G-Alana ; translator Rais Amrohavi |
| 246 | _aقائد اعظم جناح : اىک قوم کى سرگزشت | ||
| 260 |
_a[کراچی] : _bFiroj, _c1967 |
||
| 300 |
_a633 p. ; _c23 cm |
||
| 500 | _a Includes Biblographis | ||
| 600 |
_aJinnah, Mahomed Ali, _d1876-1948 _98426 |
||
| 650 |
_aStatesmen _vBiography _z Pakistan _912243 |
||
| 700 |
_a امروہوی ، رئیس ;; Amrohavi, Rais _912244 |
||
| 942 |
_2ddc _cBK |
||
| 999 |
_c83320 _d83320 |
||